000 00859nam a22003017a 4500
001 BR2016002412
003 BR-BrBNA
005 20230928104859.0
007 ta
008 230509b bl.||||| |||| 00| 0 por d
040 _aBR-BrBNA
_bpor
_cBiblioteca Nacional de Agricultura
041 _a(Por)
072 _aF30
090 _ F30 BR2016002412
100 1 _aCunha Filho, L.A. da
110 1 _aUniversidade Federal Rural do Rio de Janeiro, RJ (Brasil)
_911244
245 1 _aMelhoramento de plantas
260 3 _aRio de Janeiro, RJ (Brasil):
_c1968.
300 _a139 p.
500 _aBibliography p. 137-139; 12 illus.; 19 tables
650 _aMELHORAMENTO VEGETAL
650 _aGENÉTICA VEGETAL
650 _aHIBRIDAÇÃO
650 _aBIOMETRIA
650 _aSELEÇÃO RECORRENTE
909 _a202309
_bLucia
_c55
_dLucia Elande
942 _cBK
999 _c82242
_d82242